Top 15 Covid-19 getroffen landen - 14 december - Statistieken

Algemene statistieken
  • Deze quiz is 5 keer genomen
  • De gemiddelde score is 12 van 27
Antwoordstatistieken
land % Correct
België
100%
Frankrijk
100%
Italië
100%
Spanje
100%
Verenigde Staten
100%
Brazilië
80%
Duitsland
80%
Mexico
80%
Nederland
80%
Rusland
80%
Verenigd Koninkrijk
80%
India
60%
Turkije
60%
Argentinië
40%
Iran
40%
Colombia
20%
Kroatië
20%
Tsjechië
20%
Armenië
0%
Bahrein
0%
Georgië
0%
Israël
0%
Panama
0%
Polen
0%
Qatar
0%
Slovenië
0%
Zwitserland
0%
Geen overeenkomende quizzen gevonden
Scoreverdeling
Procent van Mensen met Elke Score
Percentiel versus Aantal Correcte Antwoorden
Uw Scoregeschiedenis
U heeft deze quiz nog niet genomen